000 00765nas a2200253 4500
001 BR2014006815
003 BR-BrBNA
005 20231205124653.0
007 ta
008 230509b bl.|||p| |||| 00| 00por d
040 _aBR-BrBNA
_bpor
_cBiblioteca Nacional de Agricultura
041 _a(En)
072 _aQ02
100 1 _aMerodio, C.
245 1 _aMetabolic processes involved in chilling inhury in Annona fruit
650 _aGRAVIOLA
650 _aTEMPERATURA
650 _aARMAZENAMENTO
650 _aRESFRIAMENTO
650 _aCOMPOSTO FENÓLICO
773 0 _tRevista Brasileira de Fruticultura (Brazil)
_xISSN 0100-2945
_g(Feb 2014), v. 36(ed. esp.) p. 338-345
_wBR2014006815
909 _a202311
_bLúcia
_c55
_dLúcia Elande
942 _2AGRIS
_n0
_cANA
999 _c240297
_d240297